01491nam a2200289 a 4500001001000000003000400010005001700014008004100031020001800072040002500090082001700115245017500132260003400307300002800341500007300369590002800442700005400470710006000524910002800584942001400612952011400626952011400740952010800854952010800962952011401070999001701184000044802OSt20201028134553.0150112s2014 dr a 000 0 spa d a9789945475555 aDO-SdBNPbspacBNPHU axxxxxx2C58100aCiudades del Cibao :bprocesos de urbanización y movimientos sociales /cVictoria María Sueiro Rodríguez [et. al...] ; coordinador Juan Ricardo Hernández Polanco. aSanto Domingo :bIPGH,c2014. a282 p. :bil. ;c23 cm. aIncluye referencias bibliográficas y notas al pie de las páginas aInventariado, 2020 / DG1 aHernández Polanco, Juan Ricardo,ecoord.9441551 aInstituto Panamericano de Geografía e Historia942637 aInventariado, 2020 / DG 2ddccLBS1 00102ddc708DSaGRbGRcCTd2015-03-25iLF1l0oxxxxxx xxxxxxp44802-30r2020-06-25te. 3w2020-06-25yLFDS 00102ddc708DSaGRbGRcCTd2015-03-25iLF1l0oxxxxxx xxxxxxp44802-40r2020-06-25te. 4w2020-06-25yLFDS 00102ddc708PDaGRbGRcCTd2018-12-17iLF1l0oxxxxxx xxxxxxp44802-50r2020-06-25w2020-06-25yLFPD 00102ddc718PDaPDbPDcCTd2015-01-12iLF1l0oxxxxxx xxxxxxp44802-10r2020-06-25w2020-06-25yLFPD 00102ddc718PDaPDbPDcCTd2015-01-12iLF1l0oxxxxxx xxxxxxp44802-20r2020-06-25te. 2w2020-06-25yLFPD c44291d44291